000 00438nam a2200157 4500
005 20260309163337.0
008 260309b |||||||| |||| 00| 0 eng d
041 _aMarathi
082 _22nd
_aX 891 PAW B12281
100 _aपवार, आरती
_9216885
245 _aसंस्कृत - मैत्र:
260 _aPune
_bBharatiya Vichar Sadhana
_c2015
300 _a24p
_bpb
365 _aRupaye
_b120
_cINR
942 _cBK
999 _c370630
_d370630